000 00940nas a2200253 4500
001 BR8301726
003 BR-BrBNA
005 20231205085520.0
007 ta
008 230509b bl.|||p| |||| 00| 00por d
040 _aBR-BrBNA
_bpor
_cBiblioteca Nacional de Agricultura
041 _a(Pt)
072 _aH20
100 1 _aAnsani, C.V.
100 1 _aMatsuoka, K. (Universidade Federal de Vicosa, MG (Brazil). Depto. de Fitopatologia)
245 1 _aInfectividade e viabilidade de oosporos de Phytophthora capsici no solo [pimentao, Capsicum annuum, requeima]
246 1 _aInfectivity and viability of oospores of Phytophthora capsici in soil [red pepper, Capsicum annuum, reburn]
650 _aPIMENTAO
650 _aREQUEIMA
650 _aINFECCAO
773 0 _tFitopatologia Brasileira (Brazil)
_xISSN 0100-4158
_g(Feb 1983), v. 8(1) p. 137-146
_wBR8301726
909 _a202311
_bLúcia
_c55
_dLúcia Elande
942 _2AGRIS
_n0
_cANA
999 _c111914
_d111914